=LDR 00000nam 2200000 4500 =001 INLIS000000000050418 =005 20170504093520 =035 ##$$a 0010-0517000071 =007 ta =008 170504###########################0###### =020 ##$$a 978 - 979 - 002 - 624 - 7 =082 ##$$a 636.3 =084 ##$$a 636.3 SYU b =100 #$$a Syukur, Abdul =245 1#$$a Bisnis pembibitan kambing /$c Abdul Syukur =250 ##$$a Cet.1 =260 ##$$a Jakarta :$b Penebar Swadaya,$c 2014 =300 ##$$a iv, 116 hlm : $b ilus ; $c 23 cm =650 ##$$a KAMBING =990 ##$$a 77737773 =990 ##$$a 77737773 =990 ##$$a 31700843 =990 ##$$a 02201707773 =990 ##$$a 31700844 =990 ##$$a 31700843